[Event "Champ FRA - Under 12"]
[Site "Europe Echecs"]
[Date "2020.07.08"]
[Round "7"]
[White "PoghosyanNoray"]
[Black "DeMouraChloe"]
[Result "0-1"]
[WhiteElo "1200"]
[BlackElo "1049"]
[PlyCount "54"]
[EventDate "2020.??.??"]

1. e4 e5 2. Nf3 Nc6 3. Bc4 Be7 4. d3 d6 5. h3 Be6 6. Bb3 Bxb3 7. axb3 Nf6 8. c3
O-O 9. Nbd2 d5 10. d4 exd4 11. cxd4 dxe4 12. O-O exf3 13. Qxf3 Nxd4 14. Qg3
Ne2+ 15. Kh2 Nxg3 16. Kxg3 Qd6+ 17. f4 Nh5+ 18. Kh2 Bh4 19. g3 Bxg3+ 20. Kg2
Qd5+ 21. Nf3 Qxb3 22. Ra3 Qc2+ 23. Bd2 Qxb2 24. Rc3 Rad8 25. Rd1 Qb6 26. Ne5
Qf2+ 27. Kh1 Qh2# {PoghosyanNoray est échec et mat} 0-1

[Event "Champ FRA - Under 12"]
[Site "Europe Echecs"]
[Date "2020.07.08"]
[Round "7"]
[White "MullerLouisEti"]
[Black "SemenovSonia"]
[Result "1-0"]
[WhiteElo "1030"]
[BlackElo "1193"]
[PlyCount "27"]
[EventDate "2020.??.??"]

1. e4 e5 2. Nf3 Nc6 3. Bc4 Bc5 4. Nc3 Nf6 5. d3 d6 6. Bg5 h6 7. Bh4 Bg4 8. Qd2
Nd4 9. Nd5 Nxf3+ 10. gxf3 Bxf3 11. Rg1 O-O 12. Bxf6 Qe8 13. Rxg7+ Kh8 14. Qxh6#
{SemenovSonia est échec et mat} 1-0

[Event "Champ FRA - Under 12"]
[Site "Europe Echecs"]
[Date "2020.07.08"]
[Round "7"]
[White "BaciuConstanti"]
[Black "AllainGaston"]
[Result "1-0"]
[WhiteElo "1191"]
[BlackElo "799"]
[PlyCount "47"]
[EventDate "2020.??.??"]

1. e4 c5 2. Nf3 Nc6 3. Bc4 g6 4. Ng5 Bg7 5. Nxf7 Qb6 6. Nxh8 Bxh8 7. d3 e6 8.
Nc3 Nf6 9. Bg5 d5 10. exd5 exd5 11. Bxf6 Bxf6 12. Bxd5 c4 13. Qf3 Qxb2 14. O-O
Qxc3 15. Qe3+ Kd8 16. Rfe1 Bd7 17. Bxc6 bxc6 18. Qc5 Bd4 19. Qf8+ Kc7 20. Qxa8
c5 21. Rab1 Bc6 22. Qb8+ Kd7 23. Re8 Qxc2 24. Qd8# {AllainGaston est échec et
mat} 1-0

[Event "Champ FRA - Under 12"]
[Site "Europe Echecs"]
[Date "2020.07.08"]
[Round "7"]
[White "LagrangePereir"]
[Black "PerezRaphael"]
[Result "0-1"]
[WhiteElo "999"]
[BlackElo "1190"]
[PlyCount "72"]
[EventDate "2020.??.??"]

1. d4 d5 2. Nf3 Bf5 3. Nc3 Nc6 4. a3 Nf6 5. Bf4 e6 6. e3 Bd6 7. Bxd6 cxd6 8.
Bd3 Bg4 9. Be2 O-O 10. Nd2 Bxe2 11. Qxe2 Qb6 12. b3 Qa5 13. Nd1 Nb4 14. c3 Nc2+
15. Kf1 Nxa1 16. Nb1 Nxb3 17. Qb2 Qb5+ 18. Ke1 a6 19. Nd2 Nxd2 20. Qxb5 axb5
21. Kxd2 Ra4 22. Nb2 Rxa3 23. Kc2 Ne4 24. f3 Rxc3+ 25. Kd1 Nf2+ 26. Ke1 Nxh1
27. Kf1 Rxe3 28. Nd1 Rd3 29. Nf2 Nxf2 30. Kxf2 Rd2+ 31. Ke3 Rxg2 32. h4 b4 33.
Kd3 b3 34. Kc3 b2 35. h5 b1=Q 36. h6 Rc8# {LagrangePereir est échec et mat}
0-1

[Event "Champ FRA - Under 12"]
[Site "Europe Echecs"]
[Date "2020.07.08"]
[Round "7"]
[White "RenaudinThibau"]
[Black "KerjeanLohan"]
[Result "0-1"]
[WhiteElo "1190"]
[BlackElo "1008"]
[PlyCount "58"]
[EventDate "2020.??.??"]

1. Nf3 e5 2. Nxe5 Nc6 3. Nxc6 bxc6 4. e4 Nf6 5. Nc3 d5 6. d3 Bb4 7. Bg5 h6 8.
Bh4 Bg4 9. Bxf6 Qxf6 10. f3 Bd7 11. Qd2 d4 12. a3 Bxc3 13. bxc3 dxc3 14. Qc1
Rb8 15. Rb1 O-O 16. Be2 Be6 17. O-O Ba2 18. Ra1 Rb2 19. f4 Rfb8 20. e5 Qe7 21.
Qe3 Rb1 22. Rxa2 Rxf1+ 23. Bxf1 Rb1 24. Qxa7 Qe6 25. a4 Qxa2 26. Qa8+ Kh7 27.
Qxc6 Qxc2 28. a5 Qxd3 29. a6 Qxf1# {RenaudinThibau est échec et mat} 0-1

[Event "Champ FRA - Under 12"]
[Site "Europe Echecs"]
[Date "2020.07.08"]
[Round "7"]
[White "DuportailIdris"]
[Black "CharlierStanis"]
[Result "1-0"]
[WhiteElo "960"]
[BlackElo "1187"]
[PlyCount "55"]
[EventDate "2020.??.??"]

1. e4 e5 2. Nf3 Nc6 3. Bc4 Nf6 4. Ng5 d5 5. exd5 Nxd5 6. Qf3 Be6 7. Nxe6 fxe6
8. Qh5+ g6 9. Qg4 Ndb4 10. Qxe6+ Be7 11. Qf7+ Kd7 12. Be6+ Kd6 13. Nc3 Nxc2+
14. Kd1 Nxa1 15. Nb5+ Kc5 16. Bc4 Rf8 17. Qe6 Rf6 18. b4+ Kb6 19. Qh3 Qc8 20.
Qe3+ Nd4 21. Nxd4 exd4 22. Qxd4+ c5 23. bxc5+ Kc7 24. Re1 Bd8 25. Qxa1 Rxf2 26.
Qe5+ Kc6 27. Qd5+ Kc7 28. Qd6# {CharlierStanis est échec et mat} 1-0

[Event "Champ FRA - Under 12"]
[Site "Europe Echecs"]
[Date "2020.07.08"]
[Round "7"]
[White "BaronSacha"]
[Black "DebiasSaidCypr"]
[Result "1-0"]
[WhiteElo "799"]
[BlackElo "1180"]
[PlyCount "23"]
[EventDate "2020.??.??"]

1. e4 c6 2. Bc4 d5 3. exd5 cxd5 4. Bb5+ Bd7 5. Nf3 Nf6 6. Ne5 Nc6 7. Qf3 e6 8.
d4 Bd6 9. Bg5 h6 10. Bxf6 Qxf6 11. Nc3 Qd8 12. Qxf7# {DebiasSaidCypr est
échec et mat} 1-0

[Event "Champ FRA - Under 12"]
[Site "Europe Echecs"]
[Date "2020.07.08"]
[Round "7"]
[White "LambertArthur"]
[Black "MayJoani"]
[Result "0-1"]
[WhiteElo "1380"]
[BlackElo "999"]
[PlyCount "142"]
[EventDate "2020.??.??"]

1. e4 e5 2. Nf3 Nc6 3. Nc3 Bb4 4. Bc4 Bxc3 5. dxc3 h6 6. O-O Nf6 7. b3 a6 8.
Ba3 b5 9. Bd5 Bb7 10. Bxc6 Bxc6 11. Nxe5 d6 12. Nf3 O-O 13. c4 bxc4 14. bxc4
Bxe4 15. Rb1 Qd7 16. Rb3 Qf5 17. c3 Bc2 18. Qe2 Bxb3 19. axb3 Rfe8 20. Qd1 c5
21. b4 Rac8 22. bxc5 dxc5 23. Qd6 Qc2 24. Qxa6 Qxc3 25. Nh4 Ra8 26. Qc6 Qxa3
27. Nf5 Rac8 28. Qf3 Qxf3 29. gxf3 Re5 30. Nd6 Rd8 31. Nb7 Rd7 32. Na5 Rd4 33.
Nc6 Rxc4 34. Nxe5 Rf4 35. Rc1 Kh7 36. Rxc5 Ng8 37. Rc7 f6 38. Ng4 Rxf3 39. Kg2
Ra3 40. h4 Kg6 41. f4 f5 42. Rc8 Ne7 43. Rf8 fxg4 44. Re8 Nf5 45. Re6+ Kf7 46.
Rc6 g3 47. h5 Ra1 48. Rc7+ Ke6 49. Rxg7 Ra2+ 50. Kf3 Ra3+ 51. Kg2 Kd5 52. Rd7+
Ke4 53. Kh3 Kxf4 54. Rb7 Ne3 55. Rb4+ Kf3 56. Rb6 g2 57. Rg6 Kf2 58. Rf6+ Kg1
59. Kh4 Kh2 60. Rf3 g1=Q 61. Rh3+ Kg2 62. Rg3+ Kf2 63. Rxg1 Kxg1 64. Kg3 Nd5+
65. Kg4 Ra6 66. Kf5 Ne3+ 67. Kf4 Ng2+ 68. Kg4 Kf2 69. Kh3 Nf4+ 70. Kh2 Ra5 71.
Kh1 Rxh5# {LambertArthur est échec et mat} 0-1

[Event "Champ FRA - Under 12"]
[Site "Europe Echecs"]
[Date "2020.07.08"]
[Round "7"]
[White "LucaseudelineA"]
[Black "SubkhanberdinJ"]
[Result "1-0"]
[WhiteElo "1167"]
[BlackElo "999"]
[PlyCount "53"]
[EventDate "2020.??.??"]

1. d4 d5 2. Nf3 Nf6 3. g3 b6 4. Bg2 Bb7 5. c4 e6 6. O-O dxc4 7. Qa4+ Bc6 8.
Qxc4 b5 9. Qc2 Nbd7 10. Qxc6 Bd6 11. Bg5 O-O 12. Ne5 Nxe5 13. dxe5 Bxe5 14.
Qxb5 Rb8 15. Qxe5 Qd7 16. Nc3 Ng4 17. Qf4 e5 18. Bc6 Qe6 19. Qe4 f6 20. Bd5
Qxd5 21. Qxd5+ Kh8 22. Qe4 fxg5 23. Qxg4 c5 24. Qxg5 a5 25. Rfd1 a4 26. Rd7 h6
27. Qxg7# {SubkhanberdinJ est échec et mat} 1-0

[Event "Champ FRA - Under 12"]
[Site "Europe Echecs"]
[Date "2020.07.08"]
[Round "7"]
[White "YcardFaustine"]
[Black "AumontDiego"]
[Result "0-1"]
[WhiteElo "1380"]
[BlackElo "999"]
[PlyCount "78"]
[EventDate "2020.??.??"]

1. e4 e5 2. Nf3 Nc6 3. Bb5 Nf6 4. Nc3 Bc5 5. O-O O-O 6. d3 Ng4 7. Bg5 f6 8. Bh4
Bxf2+ 9. Kh1 Bxh4 10. Nxh4 f5 11. Nxf5 d6 12. h3 Bxf5 13. exf5 Nf6 14. g4 Nd4
15. Bc4+ d5 16. Bb3 Nxb3 17. cxb3 d4 18. Ne2 Qd5+ 19. Kg1 e4 20. dxe4 Qxe4 21.
g5 d3 22. gxf6 dxe2 23. fxg7 exd1=Q 24. Raxd1 Kxg7 25. f6+ Rxf6 26. Rfe1 Qf3
27. Rd7+ Rf7 28. Ree7 Qf1+ 29. Kh2 Raf8 30. Rxf7+ Rxf7 31. Rd4 Qf2+ 32. Kh1
Qxd4 33. h4 Rf1+ 34. Kg2 Ra1 35. h5 Qe3 36. h6+ Kxh6 37. b4 Rxa2 38. b5 Rxb2+
39. Kf1 Qf2# {YcardFaustine est échec et mat} 0-1

[Event "Champ FRA - Under 12"]
[Site "Europe Echecs"]
[Date "2020.07.08"]
[Round "7"]
[White "PiolletEspinos"]
[Black "BonnayTramoniB"]
[Result "1-0"]
[WhiteElo "1100"]
[BlackElo "999"]
[PlyCount "49"]
[EventDate "2020.??.??"]

1. d4 d5 2. Nc3 e6 3. e3 Bd6 4. Bd3 c6 5. b3 Nf6 6. Bb2 Nbd7 7. Nf3 Qe7 8. h3
b6 9. a4 Bb7 10. g4 Kd8 11. Rg1 a5 12. h4 Kc7 13. g5 Nh5 14. Ne5 Nxe5 15. dxe5
Bxe5 16. Ba3 Qd7 17. Bb2 f6 18. Qxh5 c5 19. Nb5+ Kc8 20. Bxe5 fxe5 21. g6 hxg6
22. Qxh8+ Qd8 23. Qxg7 Qxh4 24. Nd6+ Kb8 25. Qxb7# {BonnayTramoniB est échec
et mat} 1-0

[Event "Champ FRA - Under 12"]
[Site "Europe Echecs"]
[Date "2020.07.08"]
[Round "7"]
[White "SicartAugustin"]
[Black "FoleyNatasha"]
[Result "0-1"]
[WhiteElo "999"]
[BlackElo "1078"]
[PlyCount "98"]
[EventDate "2020.??.??"]

1. e4 e5 2. Bc4 Bc5 3. Nf3 Nc6 4. Ng5 Qxg5 5. Bxf7+ Kxf7 6. Qf3+ Ke8 7. d3 d6
8. Bxg5 Nd4 9. Qg4 Bxg4 10. c3 Nc2+ 11. Kd2 Nxa1 12. Kc1 Bxf2 13. Rf1 Be3+ 14.
Nd2 Bxd2+ 15. Kxd2 h6 16. Be3 Ne7 17. Rxa1 Rf8 18. h4 Rd8 19. Rg1 Ng6 20. Kc2
Rd7 21. d4 exd4 22. cxd4 Nxh4 23. g3 Nf3 24. Bf4 Nxd4+ 25. Kd3 Ne6 26. Be3 Re7
27. Bxa7 Ref7 28. Bb8 Rf1 29. Rg2 R8f2 30. Rxf2 Rxf2 31. Ke3 Rxb2 32. a4 Ra2
33. a5 Rxa5 34. e5 dxe5 35. Ke4 Ra8 36. Bxc7 Nxc7 37. Kxe5 Ra3 38. Kd6 Rxg3 39.
Kxc7 b5 40. Kb6 b4 41. Kb5 b3 42. Kb4 b2 43. Kc4 b1=Q 44. Kd4 Qd3+ 45. Ke5 Re3+
46. Kf4 Re1 47. Kxg4 Qf1 48. Kh5 Qg2 49. Kh4 Rh1# {SicartAugustin est échec
et mat} 0-1

[Event "Champ FRA - Under 12"]
[Site "Europe Echecs"]
[Date "2020.07.08"]
[Round "7"]
[White "GadoisClaire"]
[Black "GleyzeLalie"]
[Result "1-0"]
[WhiteElo "1040"]
[BlackElo "999"]
[PlyCount "41"]
[EventDate "2020.??.??"]

1. e4 Nf6 2. Nc3 e5 3. Nf3 Nc6 4. Bb5 a6 5. Bxc6 dxc6 6. Nxe5 Be6 7. d4 Bb4 8.
Bg5 h6 9. Bxf6 gxf6 10. Nf3 Bg4 11. O-O O-O 12. h3 Bxf3 13. Qxf3 Qd6 14. Rad1
f5 15. Qxf5 Rad8 16. e5 Rfe8 17. exd6 cxd6 18. Rd3 c5 19. Rg3+ Kh8 20. Qf6+ Kh7
21. Qg7# {GleyzeLalie est échec et mat} 1-0

[Event "Champ FRA - Under 12"]
[Site "Europe Echecs"]
[Date "2020.07.08"]
[Round "7"]
[White "OuaichaIsmail"]
[Black "GluckPhileas"]
[Result "1-0"]
[WhiteElo "1000"]
[BlackElo "999"]
[PlyCount "51"]
[EventDate "2020.??.??"]

1. e4 e5 2. Bc4 Nf6 3. Nc3 Bc5 4. Nf3 Nc6 5. Ng5 O-O 6. d3 d6 7. Nf3 Ng4 8. O-O
Bxf2+ 9. Kh1 Bc5 10. Na4 Nf2+ 11. Rxf2 Bxf2 12. Qe2 Bb6 13. h4 Bg4 14. Nxb6
axb6 15. Qe3 Bxf3 16. Qxf3 Qxh4+ 17. Kg1 Qf6 18. Qxf6 gxf6 19. Bh6 Rfe8 20. Rf1
Rxa2 21. Rxf6 Ra1+ 22. Kf2 Nb8 23. Rf3 Nd7 24. Bxf7+ Kh8 25. Bxe8 Nc5 26. Rf8#
{GluckPhileas est échec et mat} 1-0

[Event "Champ FRA - Under 12"]
[Site "Europe Echecs"]
[Date "2020.07.08"]
[Round "7"]
[White "LetouxneeceTra"]
[Black "PresentLadisla"]
[Result "0-1"]
[WhiteElo "999"]
[BlackElo "1000"]
[PlyCount "108"]
[EventDate "2020.??.??"]

1. e4 e5 2. Nf3 Nc6 3. Bc4 Nf6 4. Ng5 Qe7 5. Bxf7+ Kd8 6. Bb3 Nxe4 7. Nxe4 Ke8
8. Qf3 b6 9. Ng5 Kd8 10. Nf7+ Ke8 11. Nxh8 Kd8 12. d3 Bb7 13. h4 Na5 14. Bg5
Bxf3 15. Bxe7+ Bxe7 16. Nf7+ Ke8 17. gxf3 Bb4+ 18. c3 Be7 19. Rg1 Kf8 20. Nd2
c6 21. Ne4 d5 22. Ned6 Rb8 23. c4 dxc4 24. dxc4 b5 25. cxb5 cxb5 26. Kd2 Nc6
27. Rgc1 Nd4 28. Bd5 g6 29. Rc2 Nxc2 30. Rc1 Nd4 31. Nh6 Bxd6 32. Rg1 Be7 33.
h5 Bg5+ 34. Rxg5 Kg7 35. Ng4 Rd8 36. h6+ Kh8 37. Be4 Rf8 38. Bxg6 Nxf3+ 39. Ke3
Nxg5 40. f3 Rxf3+ 41. Ke2 hxg6 42. Nf6 Rxf6 43. h7 Kxh7 44. b3 Ne4 45. b4 g5
46. a4 bxa4 47. b5 a3 48. Ke3 a2 49. b6 axb6 50. Kxe4 a1=Q 51. Kd3 Qa4 52. Kc3
Rf3+ 53. Kd2 Qa2+ 54. Ke1 Rh3 {LetouxneeceTra a abandonné} 0-1

[Event "Champ FRA - Under 12"]
[Site "Europe Echecs"]
[Date "2020.07.08"]
[Round "7"]
[White "CabasseLoiseau"]
[Black "FontaineGregor"]
[Result "0-1"]
[WhiteElo "999"]
[BlackElo "1140"]
[PlyCount "50"]
[EventDate "2020.??.??"]

1. e4 e5 2. Nf3 Nc6 3. Nc3 Bc5 4. Bc4 d6 5. d3 Bg4 6. Bd2 Nge7 7. h3 Be6 8.
Bxe6 fxe6 9. O-O Qd7 10. a3 O-O-O 11. Bg5 Rhf8 12. Bxe7 Qxe7 13. Rb1 Nd4 14.
Nxd4 Bxd4 15. Ne2 Bc5 16. Qd2 d5 17. exd5 Rxd5 18. Nc3 Rd6 19. Ne4 Rdd8 20.
Nxc5 Qxc5 21. Rfe1 Rf5 22. Rbc1 Rf6 23. Qe3 Qd5 24. Qg5 Rg6 25. Qe3 Qxg2# {
CabasseLoiseau est échec et mat} 0-1

[Event "Champ FRA - Under 12"]
[Site "Europe Echecs"]
[Date "2020.07.08"]
[Round "8"]
[White "KuhnClement"]
[Black "MateriaMarco"]
[Result "0-1"]
[WhiteElo "2150"]
[BlackElo "2269"]
[PlyCount "118"]
[EventDate "2020.??.??"]

1. Nf3 Nf6 2. g3 e6 3. Bg2 d5 4. b3 Be7 5. O-O O-O 6. Bb2 b6 7. c4 Bb7 8. e3 c5
9. Nc3 dxc4 10. bxc4 Nc6 11. Qe2 Qc7 12. Rfd1 Rac8 13. a3 Rfd8 14. Rac1 Qb8 15.
h3 h6 16. d3 a6 17. Nd2 Ne8 18. f4 Na5 19. Bxb7 Nxb7 20. Nce4 Nbd6 21. Qg4 Nxe4
22. dxe4 Rd3 23. Qe2 Rcd8 24. Nf3 Rxd1+ 25. Rxd1 Rxd1+ 26. Qxd1 Qb7 27. Qd3 b5
28. Nd2 Nd6 29. cxb5 axb5 30. Qc3 Bf8 31. Qd3 b4 32. g4 c4 33. Nxc4 Nxc4 34.
Qxc4 bxa3 35. Be5 Qa7 36. Qc3 a2 37. Bd4 Qa8 38. Qb2 Qa4 39. Kf2 Qc4 40. f5 e5
41. Bxe5 Qxe4 42. Bd4 Qh1 43. Be5 Be7 44. Qb8+ Kh7 45. Qb2 Bh4+ 46. Ke2 Qxh3
47. f6 Qxg4+ 48. Kd3 gxf6 49. Bd4 Qd1+ 50. Ke4 Kg6 51. Kd5 Qb1 52. Qg2+ Bg5 53.
Qb2 Qxb2 54. Bxb2 Bxe3 55. Ke4 Bc1 56. Ba1 Ba3 57. Kd3 Bd6 58. Ke2 Be5 59. Bxe5
fxe5 {KuhnClement a abandonné} 0-1

[Event "Champ FRA - Under 12"]
[Site "Europe Echecs"]
[Date "2020.07.08"]
[Round "8"]
[White "BreuilTristan"]
[Black "LissillourBapt"]
[Result "1-0"]
[WhiteElo "1898"]
[BlackElo "1731"]
[PlyCount "133"]
[EventDate "2020.??.??"]

1. e4 e5 2. Bc4 Nf6 3. d4 exd4 4. Nf3 Nc6 5. O-O Nxe4 6. Re1 d5 7. Bxd5 Qxd5 8.
Nc3 Qa5 9. Nxe4 Be6 10. Neg5 O-O-O 11. Nxe6 fxe6 12. Rxe6 Bd6 13. Bg5 Rde8 14.
Qe2 Rxe6 15. Qxe6+ Kb8 16. Qe4 Rf8 17. Bd2 Qf5 18. Re1 a6 19. Qxf5 Rxf5 20. Re4
Bc5 21. Kf1 b5 22. Ke2 Kb7 23. Rg4 g6 24. Rh4 h5 25. Re4 Rf6 26. Kd3 a5 27. a3
Kb6 28. Bg5 Rf5 29. Bd2 Rf6 30. Re2 Kb7 31. Ng5 Kb6 32. f3 Kb7 33. Re8 Bd6 34.
Ne4 Rf5 35. Nxd6+ cxd6 36. Rg8 Kb6 37. f4 Ne7 38. Rg7 Nd5 39. g3 Rf6 40. Kxd4
Nc7 41. Kd3 Ne6 42. Be3+ Kc6 43. Ra7 a4 44. Ra6+ Kd5 45. Rb6 Nc7 46. Rb7 Kc6
47. Rb8 Re6 48. Rg8 Nd5 49. Bf2 Nc7 50. Rc8 Kd7 51. Rb8 Kc6 52. Rg8 Nd5 53. h3
Rf6 54. Bd4 Re6 55. Bf2 Rf6 56. Ra8 h4 57. gxh4 Nxf4+ 58. Kd2 Nxh3 59. Be3 Kd5
60. Rb8 Kc6 61. Rg8 Re6 62. Rh8 Kd5 63. Rb8 Kc4 64. Rc8+ Kd5 65. Rb8 Kc4 66.
Rb7 d5 67. Rc7+ {LissillourBapt a perdu au temps} 1-0

[Event "Champ FRA - Under 12"]
[Site "Europe Echecs"]
[Date "2020.07.08"]
[Round "8"]
[White "LevannierGouel"]
[Black "CassamChenaiAn"]
[Result "1-0"]
[WhiteElo "1659"]
[BlackElo "1839"]
[PlyCount "107"]
[EventDate "2020.??.??"]

1. e4 c5 2. Nf3 e6 3. c4 Nc6 4. Nc3 Nf6 5. Be2 Nd4 6. O-O Be7 7. d3 O-O 8. Be3
Nxf3+ 9. Bxf3 d6 10. a3 Rb8 11. b4 b6 12. d4 cxd4 13. Bxd4 Qc7 14. Be2 Ba6 15.
Rc1 Rbc8 16. Qa4 Bb7 17. Nb5 Bc6 18. Qxa7 Bxb5 19. Qxc7 Rxc7 20. cxb5 Rb7 21.
f3 Ra8 22. Rc3 Nd7 23. Rfc1 Bf6 24. Bxf6 gxf6 25. Bd1 Kf8 26. a4 Ke7 27. f4 Rg8
28. Bf3 Ra7 29. Ra1 Raa8 30. a5 bxa5 31. bxa5 Rgb8 32. Rb3 Nc5 33. Rbb1 Ra7 34.
Kf2 Rba8 35. a6 Rb8 36. Ke3 Kd7 37. Kd4 Kc7 38. e5 Nd7 39. exd6+ Kxd6 40. Bc6
Nb6 41. Rc1 e5+ 42. fxe5+ fxe5+ 43. Ke4 Ke6 44. Bb7 f5+ 45. Ke3 Rd8 46. Rc6+
Rd6 47. Rac1 Nd5+ 48. Kd2 Nb4+ 49. Rxd6+ Kxd6 50. Rc4 Nd5 51. Rc6+ Kd7 52. Rh6
Kc7 53. Bxd5 Kb8 54. Bb7 {CassamChenaiAn a perdu au temps} 1-0

[Event "Champ FRA - Under 12"]
[Site "Europe Echecs"]
[Date "2020.07.08"]
[Round "8"]
[White "SoyeuxGabriel"]
[Black "TrevisiolAntoi"]
[Result "1-0"]
[WhiteElo "1501"]
[BlackElo "1788"]
[PlyCount "143"]
[EventDate "2020.??.??"]

1. d4 Nf6 2. Bg5 g6 3. Bxf6 exf6 4. e3 Bg7 5. g3 O-O 6. Bg2 d6 7. Ne2 c5 8. c3
Qb6 9. Qb3 Nc6 10. O-O Bg4 11. Nf4 Rfd8 12. h3 Bf5 13. Nd2 Rac8 14. Nd5 Qxb3
15. axb3 a6 16. g4 Bd3 17. Rfe1 f5 18. Nf4 Be4 19. Nxe4 fxe4 20. Bxe4 cxd4 21.
exd4 Kf8 22. Bg2 Re8 23. Nd5 Rxe1+ 24. Rxe1 Re8 25. Rxe8+ Kxe8 26. b4 Kd7 27.
Kf1 Ke6 28. b5 axb5 29. Nc7+ Kd7 30. Nxb5 Bh6 31. Ke2 Bc1 32. b4 b6 33. Kd3 g5
34. Be4 h6 35. Bf5+ Ke7 36. Ke4 Bf4 37. Nc7 Bd2 38. Nd5+ Kd8 39. Kd3 Be1 40.
Ke2 Bxc3 41. Nxc3 Nxd4+ 42. Kd3 Nc6 43. b5 Ne5+ 44. Ke4 Kc7 45. Kd5 Nf3 46. Ne4
Ng1 47. Nxd6 Nxh3 48. Nxf7 Nxf2 49. Nxh6 Nd1 50. Nf7 Nc3+ 51. Kc4 Nd1 52. Nxg5
Ne3+ 53. Kd3 Nd5 54. Kd4 Nf6 55. Ne6+ Kd6 56. g5 Ne8 57. g6 Ke7 58. g7 Kf7 59.
Bh7 Nf6 60. g8=Q+ Nxg8 61. Bxg8+ Kxg8 62. Nc7 Kf7 63. Nd5 Ke6 64. Nxb6 Kd6 65.
Kc4 Kc7 66. Kc5 Kb7 67. Nd5 Ka7 68. Kc6 Kb8 69. b6 Ka8 70. b7+ Kb8 71. Nf6 Ka7
72. Kc7 {TrevisiolAntoi a abandonné} 1-0

[Event "Champ FRA - Under 12"]
[Site "Europe Echecs"]
[Date "2020.07.08"]
[Round "8"]
[White "PerrouinAlexia"]
[Black "ValleeLouis"]
[Result "1-0"]
[WhiteElo "1530"]
[BlackElo "1864"]
[PlyCount "115"]
[EventDate "2020.??.??"]

1. e4 e5 2. Nf3 Nc6 3. Bc4 Bc5 4. c3 Nf6 5. d3 a6 6. Be3 Ba7 7. Nbd2 d6 8. O-O
Na5 9. Bxa7 Rxa7 10. b4 Nxc4 11. Nxc4 O-O 12. Ne3 Qe7 13. Re1 Be6 14. Qc2 h6
15. d4 Bd7 16. d5 Raa8 17. c4 Nh7 18. Nd2 b5 19. c5 Rae8 20. c6 Bc8 21. Nb3 Qg5
22. Nd2 f5 23. Nf3 Qf4 24. exf5 Qxb4 25. a4 Qf4 26. axb5 axb5 27. Ra7 Re7 28.
Rb1 b4 29. Ra4 Bxf5 30. Nxf5 Rxf5 31. Rbxb4 e4 32. Rxe4 Rxe4 33. Rxe4 Qxe4 34.
Qxe4 g6 35. Qe6+ Kh8 36. h3 Nf8 37. Qe4 Kg7 38. g4 Rf7 39. Nd4 g5 40. Nf5+ Kf6
41. Qd4+ Kg6 42. h4 h5 43. Qe4 hxg4 44. Nxd6+ Kg7 45. Nxf7 Kxf7 46. hxg5 g3 47.
fxg3 Ng6 48. Qf5+ Kg7 49. Qf6+ Kh7 50. Qf7+ Kh8 51. Qxc7 Nf8 52. Qd8 Kg7 53.
Qf6+ Kh7 54. Qxf8 Kg6 55. Qf6+ Kh7 56. c7 Kg8 57. c8=Q+ Kh7 58. Qch8# {
ValleeLouis est échec et mat} 1-0

[Event "Champ FRA - Under 12"]
[Site "Europe Echecs"]
[Date "2020.07.08"]
[Round "8"]
[White "GeronimiJeanTh"]
[Black "ArousstamianAl"]
[Result "0-1"]
[WhiteElo "1827"]
[BlackElo "1510"]
[PlyCount "92"]
[EventDate "2020.??.??"]

1. e4 e5 2. Nf3 Nc6 3. d4 exd4 4. Bc4 Nf6 5. e5 Ng4 6. O-O d6 7. exd6 Bxd6 8.
Re1+ Be7 9. h3 Nf6 10. Bg5 O-O 11. c3 dxc3 12. Nxc3 h6 13. Bxf6 Bxf6 14. Rb1
Bf5 15. Qxd8 Rfxd8 16. Rbd1 Nd4 17. Nd5 Nxf3+ 18. gxf3 Bh4 19. Kg2 c6 20. Ne3
Bg6 21. Ng4 Rxd1 22. Rxd1 Rd8 23. Rxd8+ Bxd8 24. Ne5 Bh5 25. f4 Bc7 26. Kg3
Bxe5 27. fxe5 b5 28. Bd3 Bg6 29. Bxg6 fxg6 30. Kf4 Kf7 31. Ke4 Ke6 32. Kd4 g5
33. b4 h5 34. Ke4 g6 35. f3 a6 36. f4 g4 37. hxg4 hxg4 38. Ke3 Kf5 39. Kf2 g5
40. fxg5 Kxg5 41. Kg3 Kf5 42. e6 Kxe6 43. Kxg4 Kd5 44. Kf3 Kc4 45. Ke3 Kxb4 46.
Kd2 Ka3 {GeronimiJeanTh a abandonné} 0-1

[Event "Champ FRA - Under 12"]
[Site "Europe Echecs"]
[Date "2020.07.08"]
[Round "8"]
[White "DeladerriereAp"]
[Black "TranKyLan"]
[Result "1-0"]
[WhiteElo "1702"]
[BlackElo "1467"]
[PlyCount "101"]
[EventDate "2020.??.??"]

1. e4 c5 2. Nf3 Nc6 3. d4 cxd4 4. Nxd4 Nf6 5. Nc3 g6 6. g3 Bg7 7. Bg2 d6 8.
Nxc6 bxc6 9. e5 dxe5 10. Bxc6+ Bd7 11. Bxa8 Qxa8 12. O-O Bh3 13. f3 Bxf1 14.
Qxf1 O-O 15. Bg5 h6 16. Be3 Rd8 17. Rd1 Nd5 18. Nxd5 Rxd5 19. a3 a5 20. Kf2 Qd8
21. Rxd5 Qxd5 22. Qd3 e6 23. b4 axb4 24. axb4 Qxd3 25. cxd3 Kf8 26. Ke2 Ke8 27.
Kd2 Kd7 28. Kc2 Kc6 29. Kb3 Kb5 30. Bc5 h5 31. Kc2 Bf6 32. Kd1 Bd8 33. Bd6 Bf6
34. Ke2 Bg7 35. Kf2 f5 36. g4 hxg4 37. fxg4 Bf6 38. Kf3 Kc6 39. Bc5 Bd8 40. Kg3
Kd5 41. h4 f4+ 42. Kh3 e4 43. dxe4+ Kxe4 44. h5 g5 45. b5 Kd5 46. Bf8 Bf6 47.
h6 e5 48. Bg7 e4 49. Bxf6 e3 50. Bxg5 e2 51. Bh4 {TranKyLan a abandonné} 1-0

[Event "Champ FRA - Under 12"]
[Site "Europe Echecs"]
[Date "2020.07.08"]
[Round "8"]
[White "BerthouJules"]
[Black "KassabChadi"]
[Result "1/2-1/2"]
[WhiteElo "1390"]
[BlackElo "1659"]
[PlyCount "127"]
[EventDate "2020.??.??"]

1. b3 e5 2. Bb2 Nc6 3. e3 d5 4. Nf3 Bd6 5. c4 dxc4 6. Bxc4 Bg4 7. h3 Bh5 8. g4
Bg6 9. d4 exd4 10. Nxd4 Bb4+ 11. Bc3 Nf6 12. Nxc6 Qxd1+ 13. Kxd1 Bxc3 14. Nxc3
bxc6 15. f4 Ne4 16. Nxe4 Bxe4 17. Rg1 O-O-O+ 18. Ke2 Rd7 19. Rad1 Rhd8 20. Rxd7
Rxd7 21. Rc1 Kd8 22. f5 Ke7 23. h4 Bg2 24. Rc2 Bh3 25. Kf3 h5 26. g5 Bxf5 27.
e4 Bg4+ 28. Kf4 Rd1 29. Rf2 Rh1 30. Ke5 Be6 31. Bxe6 fxe6 32. g6 Rxh4 33. Rf7+
Ke8 34. Rxg7 Rg4 35. Rh7 Rxg6 36. Rxh5 Kd7 37. Rh7+ Kd8 38. Kd4 Rg5 39. e5 c5+
40. Kxc5 Rxe5+ 41. Kc6 Re2 42. Rh8+ Ke7 43. Kxc7 Rxa2 44. Kb7 Rb2 45. Rh3 Kd6
46. Kxa7 e5 47. Kb6 Kd5 48. Rd3+ Ke4 49. Rh3 Kd4 50. Kb5 e4 51. b4 e3 52. Rh4+
Kc3 53. Kc5 e2 54. Rh3+ Kd2 55. Rh2 Kd3 56. Rh1 Kd2 57. b5 e1=Q 58. Rxe1 Kxe1
59. Kc6 Kd2 60. b6 Kc3 61. b7 Kc4 62. Kc7 Kc5 63. b8=Q Rxb8 64. Kxb8 {Aucun
joueur n'a le mat&eacute;riel pour mater} 1/2-1/2

[Event "Champ FRA - Under 12"]
[Site "Europe Echecs"]
[Date "2020.07.08"]
[Round "8"]
[White "VuDinhAdrien"]
[Black "NegreEmilie"]
[Result "1/2-1/2"]
[WhiteElo "1740"]
[BlackElo "1438"]
[PlyCount "52"]
[EventDate "2020.??.??"]

1. e4 e5 2. Nf3 Nc6 3. Bc4 Bc5 4. O-O Nf6 5. d4 Bxd4 6. Nxd4 Nxd4 7. f4 Nc6 8.
Bxf7+ Ke7 9. fxe5 Nxe5 10. Bb3 d6 11. Bg5 Rf8 12. Nc3 c6 13. Qh5 Kd7 14. Bxf6
Rxf6 15. Qxh7 Qe7 16. Rxf6 Qxf6 17. Rf1 Qe7 18. Qh3+ Kc7 19. Qg3 Bd7 20. Qe3 a6
21. Na4 Rh8 22. h3 Qh4 23. Qf4 Qh7 24. Qe3 Qh4 25. Qb6+ Kc8 26. Qe3 Kc7 {
Nulle par répétition} 1/2-1/2

[Event "Champ FRA - Under 12"]
[Site "Europe Echecs"]
[Date "2020.07.08"]
[Round "8"]
[White "KechkekianChae"]
[Black "DruonThibault"]
[Result "0-1"]
[WhiteElo "1366"]
[BlackElo "1644"]
[PlyCount "38"]
[EventDate "2020.??.??"]

1. e4 c5 2. Nf3 d6 3. d4 cxd4 4. Nxd4 Nf6 5. Nc3 g6 6. g3 Bg7 7. Bg2 O-O 8. O-O
Nc6 9. h3 Nxe4 10. Nxc6 Nxc3 11. bxc3 bxc6 12. Bxc6 Bxh3 13. Re1 Bxc3 14. Bxa8
Qxa8 15. f3 Bxa1 16. Bh6 Bg7 17. Bxg7 Kxg7 18. Rxe7 Qd8 19. Rxa7 Qb6+ {
KechkekianChae a abandonné} 0-1